000 00488nam a2200169Ia 4500
999 _c25429
_d25429
003 OSt
005 20201215144354.0
008 190216s9999||||xx |||||||||||||| ||und||
040 _coclc
082 _a894.8124
_bNAM/A
100 _aNamboodiri, A P P
_96703
245 0 _aAbhiveekshanam /
_cA P P Namboodiri
260 _bLakshmi printing house ,
_aKozhikode;
_c1980.
300 _a144p
650 _aLekhanam
942 _cBK
_2ddc
_h894.8124
_iNAM/A
_k894.8124
_mNAM/A